|
|
|
|
| LEADER |
00554nam a22001457a 4500 |
| 020 |
|
|
|a 81-207-2106-3
|
| 082 |
|
|
|a 658.4
|b BAL/C
|
| 100 |
|
|
|a N. Balasubramanian
|9 176327
|
| 245 |
|
|
|a Corporate Boards And Governance
|
| 260 |
|
|
|a Bangalore
|b Sterling Publishers PVT. LTD.
|c 1998
|
| 300 |
|
|
|a xvi+256p.
|
| 650 |
|
|
|a Corporate Boards And Governance
|9 176328
|
| 942 |
|
|
|c BK
|
| 999 |
|
|
|c 190655
|d 190651
|
| 952 |
|
|
|0 0
|1 0
|4 0
|6 658_400000000000000_BAL_C
|7 0
|8 NFIC
|9 191274
|a SMBS
|b SMBS
|c GEN
|d 2015-08-11
|g 600.00
|l 1
|o 658.4 BAL/C
|p SMBS1207
|q 2020-11-23
|r 2020-11-02
|s 2020-11-02
|w 2015-08-11
|y BK
|